Statistics for Ariana Grande - Sweetener (Tracklist)

Click here to take the quiz!

General Stats

  • This quiz has been taken 27 times
  • The average score is 14 of 15

Answer Stats

Answer% Correct
Sweetener
100%
God Is A Woman
96%
Goodnight n Go
96%
No Tears Left To Cry
96%
R.E.M.
96%
Blazed (ft. Pharrell Williams)
92%
Breathin
92%
Everytime
92%
Raindrops (An Angel Cried)
92%
Successful
92%
The Light Is Coming (ft. Nicki Minaj)
92%
Better Off
88%
Borderline (ft. Missy Elliott)
88%
Get Well Soon
83%
Pete Davidson
83%

Score Distribution

Percentile by Number Answered

Percent of People with Each Score

Your Score History

You have not taken this quiz